Normal view
MARC view
Entry Personal Name
001 - CONTROL NUMBER
- control field: 1237001
003 - CONTROL NUMBER IDENTIFIER
- control field: OSt
005 - DATE AND TIME OF LATEST TRANSACTION
- control field: 20260430150255.0
008 - FIXED-LENGTH DATA ELEMENTS
- fixed length control field: 260430|| aca||aabn | a|a d
040 ## - CATALOGING SOURCE
- Original cataloging agency: OSt
- Transcribing agency: OSt
100 ## - HEADING--PERSONAL NAME
- Personal name: University of Delhi. Faculty of Managegment Studies. Dept. of Business Mangement & Industrial Administration
670 ## - SOURCE DATA FOUND
- Source citation: Work cat.: (OSt)1849390: Vodwal Sandeep Au.; Sinha Pankaj Gu. 1237000, Determinants of financial leverage in India, 2022
